2016 Olympic Athletes - Statistics

General Stats
  • This quiz has been taken 32 times
  • The average score is 9 of 20
Answer Stats
athlete country % Correct
Usain Bolt athletics Jamaica
93%
Sun Yang swimming China
83%
Hope Solo football United States
83%
Chris Froome cycling Great Britain
63%
Robin de Kruijf volleyball Netherlands
63%
Inbee Park golf South Korea
63%
Eugenie Bouchard tennis Canada
57%
Arlen Lopez boxing Cuba
43%
Chou Tien-chen badminton Taiwan
43%
Telma Monteiro judo Portugal
40%
Mark Todd equestrian New Zealand
37%
Hoang Xuan Vinh shooting Vietnam
its first ever gold medaller
37%
Tetyana Bilenko table tennis Ukraine
33%
Jasa Veremalua rugby sevens Fiji
30%
Karol Bielecki handball Poland
30%
Elena Wassen diving Germany
27%
Domantas Sabonis basketball Lithuania
27%
Majlinda Kelmendi judo Kosovo
its first ever gold medaller
17%
Kianoush Rostami weightlifting Iran
13%
Olga Senyuk archery Azerbaijan
3%
No matching quizzes found
Score Distribution
Percent of People with Each Score
Percentile by Number Answered
Your Score History
You have not taken this quiz